000 00600nam a2200229Ia 4500
003 OSt
005 20220918175907.0
006 a|||||r|||| 00| 0
007 ta
008 220917b |||||||| |||| 00| 0 eng d
024 _a19,502
037 _cTextual
040 _aARTS
_cARTS
_beng
041 _2eng
_aeng
082 _aO:2M56:72, G9
100 _aShaw George Bernard
245 0 _aGeneva
_b a fancied page of histoey in three acts
260 _c1939
650 _aENGLISH LITERATURE
942 _hO:2M56:72, G9
_cTEXL
_2CC
999 _c159416
_d159416